| 000 | 00450nam a2200193Ia 4500 | ||
|---|---|---|---|
| 005 | 20250603145016.0 | ||
| 008 | 250603s9999 xx 000 0 und d | ||
| 020 | _a9781284220737 | ||
| 050 | _aQA769. A25. K56/ | ||
| 100 | _aKim David | ||
| 245 | 0 | _aFundamentals of information systems security | |
| 250 | _a4th edi. | ||
| 260 | _aUSA | ||
| 260 | _bJones & Bartlett | ||
| 260 | _c2023 | ||
| 300 | _a544 p | ||
| 650 | _aUSA | ||
| 942 | _cBK | ||
| 999 |
_c40598 _d40598 |
||